| 000 | 00000nam##2200000za#4500 |
| 001 | 9.643778 |
| 003 | CaOODSP |
| 005 | 20220505163029 |
| 007 | cr ||||||||||| |
| 008 | 150407|2014||||xxc|||||o f|0| 0 fre|d |
| 020 | |a978-0-660-22649-1 |
| 040 | |aCaOODSP|bfre |
| 043 | |an-cn--- |
| 086 | 1 |aHP35-48/2014F-PDF |
| 110 | 2 |aAgence de santé publique du Canada. |
| 245 | 10|aConsommation d'acide folique par les femmes au Canada : |h[ressource électronique]|brésultats de l'Enquête canadienne sur l'expérience de la maternité |
| 260 | |aOttawa - Ontario : |bAgence de santé publique du Canada |c[2014]. |
| 300 | |a3p.|bgraphiques, carte |
| 590 | |a15-07|b2015-02-13 |
| 775 | 08|tFolic acid use among women in Canada : |w(CaOODSP)9.699824 |
| 856 | 40|ahttp://publications.gc.ca|qPDF|s522 Ko|uhttps://publications.gc.ca/collections/collection_2015/aspc-phac/HP35-48-2014-fra.pdf |
| 986 | |aPub. : 140279 |